000 00472nam a2200205Ia 4500
003 OSt
005 20220918231528.0
006 a|||||r|||| 00| 0
007 ta
008 220917b |||||||| |||| 00| 0 eng d
024 _a304,420
037 _cTextual
040 _aARTS
_cARTS
_beng
041 _2eng
_aeng
082 _aK, 1591L5
245 0 _aSnakes of India(Oriya)
260 _c1975
942 _hK, 1591L5
_cTEXL
_2CC
999 _c291552
_d291552